000 00298nam a2200109Ia 4500
008 200302s9999 xx 000 0 und d
100 _aJulia Czerniak
245 _aNw city books formerly urban projecting rust belt futures
260 _bPrinceton Architectural Press
260 _c2013
300 _a207
999 _c5912
_d5912